01527nkm a2200301 i 45000010005000000030009000050050017000140070006000310080041000371000024000782450167001022600029002693000039002985000035003375110156003725180251005286000033007796000029008126000031008416000019008726100064008916100027009557100036009827100066010187100022010848520026011068560093011323743ES-MaACL20251009172041.0khrbo070607s1986 sp --- g |001||spa d0 aAlfonso,d1902-199010aPresentación del libro "Masonería y librepensamiento en la España de la Restauración" de Pedro F. Álvarez Lázaro [hFotografía] / cAlfonso (sello). a[S.l. : bs.n.], c1986. a8 fot. : bb. y n. ; c12 x 18 cm. aDatos basados en invitación.0 aIntervienen: Antonio Elorza, José Antonio Ferrer Benimelli y el Rector Magnífico de la Universidad Pontificia de Comillas; presenta: Tomás Mallo. aActo organizado por el Ateneo de Madrid en colaboración con la Universidad Pontificia de Comillas y el Centro de Estudios Históricos de la Masonería, celebrado en el salón de la cacharrería el jueves, 13 de marzo de 1986, a las 20:00 h.14aÁlvarez Lázaro, Pedro F.14aElorza, Antonio, d1943-14aFerrer Benimeli, José A.14aMallo, Tomás24aAteneo de Madrid-xActos culturales-y1986-vFotografías.24aMasonería-vHistoria2 aUniversidad Pontificia Comillas2 aCentro de Estudios Históricos de la Masonería Española.2 aAteneo de Madrid. aES-MaACLjFOT 65/19864 uhttp://www.ateneodemadrid.net/biblioteca_digital/imagenes/1986/0065-1986.jpgzVer imagen